Central Library OPAC University of Rajshahi
Normal view MARC view

Entry Topical Term

Number of records used in: 2

001 - CONTROL NUMBER

  • control field: 11485

003 - CONTROL NUMBER IDENTIFIER

  • control field: BD-RjUL

005 - DATE AND TIME OF LATEST TRANSACTION

  • control field: 20240206104227.0

008 - FIXED-LENGTH DATA ELEMENTS

  • fixed length control field: 240206|| aca||aabn | a|a d

040 ## - CATALOGING SOURCE

  • Original cataloging agency: BD-RjUL
  • Transcribing agency: BD-RjUL

150 ## - HEADING--TOPICAL TERM

  • Topical term or geographic name entry element: Arabic/ Persian
  • Form subdivision: Grammar

670 ## - SOURCE DATA FOUND

  • Source citation: Work cat.: (BD-RjUL)82970: Fazlul Haque, M. 11484, An easy Anglo-Persian grammar, with a short note on Arabic grammar /, 1930